[Event "8th Africa-ch (w)"]
[Site "Windhoek NAM"]
[Date "2014.12.13"]
[Round "1.1"]
[White "Shroohk, Wafa"]
[Black "Nepando, Jolly"]
[Result "1-0"]
[WhiteElo "2061"]
[BlackElo "1667"]
[EventDate "2014.12.13"]
[PlyCount "67"]

1.e4 e5 2.Nf3 Nc6 3.Bb5 d6 4.c3 Nf6 5.d4 Bd7 6.O-O exd4 7.cxd4 Be7 8.Nc3 
O-O 9.h3 a6 10.Bd3 Bc8 11.Re1 Re8 12.Bf4 b5 13.e5 Nh5 14.Bh2 g6 15.Be4 Bb7
16.Nd5 Rb8 17.Rc1 dxe5 18.dxe5 Nb4 19.Nxc7 Qxd1 20.Rcxd1 Rbc8 21.Nxe8 Bxe4
22.Rxe4 Rxe8 23.g4 Ng7 24.a3 Nc6 25.Rc1 Nd8 26.Rc8 Nge6 27.Nd4 Ng5 28.Re3 
Nge6 29.Nxe6 fxe6 30.Bf4 Rf8 31.Bh6 Re8 32.Rd3 g5 33.Rd7 Kf7 34.Bxg5 1-0

[Event "8th Africa-ch (w)"]
[Site "Windhoek NAM"]
[Date "2014.12.13"]
[Round "1.2"]
[White "Fisher, Michelle"]
[Black "Frick, Denise"]
[Result "0-1"]
[WhiteElo "1651"]
[BlackElo "1913"]
[EventDate "2014.12.13"]
[PlyCount "84"]

1.e4 e6 2.d4 d5 3.Nd2 h6 4.Bd3 c5 5.dxc5 Bxc5 6.Ngf3 Nf6 7.O-O Nc6 8.exd5 
Qxd5 9.Nb3 Bb6 10.Qe2 O-O 11.Rd1 Qh5 12.h3 Nb4 13.Bc4 Nbd5 14.Nbd4 Rd8 15.
c3 Bc7 16.Nb5 Bb8 17.Bxd5 Rxd5 18.Rxd5 Qxd5 19.c4 Qh5 20.Qd3 Bd7 21.Nd6 
Bc6 22.Nd4 Qe5 23.Nxc6 bxc6 24.c5 Qxc5 25.Nb7 Qe5 26.Qd8+ Kh7 27.Qd3+ g6 
28.Qd2 Qh2+ 29.Kf1 Qh1+ 30.Ke2 g5 31.Qd3+ Kg7 32.Qf3 Qh2 33.Be3 Qe5 34.Rb1
Qb5+ 35.Kd1 Qxb7 36.Bd4 e5 37.Bc3 Bc7 38.Kc2 Nd5 39.Rd1 Rd8 40.Re1 Qb5 41.
Kb1 Nxc3+ 42.Qxc3 Qd3+ 0-1

[Event "8th Africa-ch (w)"]
[Site "Windhoek NAM"]
[Date "2014.12.13"]
[Round "1.3"]
[White "Tembo, Epah"]
[Black "Gondwe, Vitumbiko"]
[Result "1-0"]
[WhiteElo "1889"]
[BlackElo "1523"]
[EventDate "2014.12.13"]
[PlyCount "111"]

1.e4 e5 2.Bc4 Nc6 3.Nf3 Be7 4.d3 d6 5.c3 h6 6.h3 Nf6 7.O-O Na5 8.Bb5+ c6 
9.Ba4 b5 10.Bc2 O-O 11.b4 Nb7 12.d4 Qc7 13.Bb2 Nh5 14.Nxe5 dxe5 15.Qxh5 
exd4 16.cxd4 Bxb4 17.a3 Be7 18.Nd2 Be6 19.f4 f5 20.exf5 Bd5 21.Rae1 Bf6 
22.Ne4 Bxe4 23.Bxe4 Nd6 24.g4 Rae8 25.Bf3 Rxe1 26.Rxe1 Nc4 27.g5 Nxb2 28.
gxf6 Rxf6 29.Re8+ Rf8 30.Qg6 Qxf4 31.Qe6+ Kh7 32.Rxf8 Qc1+ 33.Kg2 Qd2+ 34.
Kg3 Qg5+ 35.Bg4 h5 36.Qg6+ Qxg6 37.fxg6+ Kxg6 38.Bf5+ Kh6 39.h4 g6 40.Rf6 
Nc4 41.Rxg6+ Kh7 42.Rxc6+ Kg7 43.Bd3 Nxa3 44.Rc7+ Kf6 45.Rxa7 Nc4 46.Bxc4 
bxc4 47.Rc7 Ke6 48.Rxc4 Kd5 49.Rc5+ Kxd4 50.Rxh5 Ke4 51.Rg5 Ke3 52.Re5+ 
Kd4 53.Re8 Kd5 54.Kf4 Kd6 55.Kf5 Kd7 56.Re1 1-0

[Event "8th Africa-ch (w)"]
[Site "Windhoek NAM"]
[Date "2014.12.13"]
[Round "1.4"]
[White "Rabiu, Olabisi"]
[Black "Solomons, Anzel"]
[Result "0-1"]
[WhiteElo "1489"]
[BlackElo "1858"]
[EventDate "2014.12.13"]
[PlyCount "62"]

1.d4 d5 2.Nf3 e6 3.Bf4 Be7 4.e3 c5 5.c3 Nf6 6.Ne5 Nbd7 7.Bb5 O-O 8.Nd2 a6 
9.Bd3 Re8 10.O-O Nf8 11.Rc1 N6d7 12.Qh5 Nxe5 13.dxe5 Bd7 14.Rfe1 f5 15.
exf6 Bxf6 16.Nf3 g6 17.Qh6 e5 18.Bxg6 Nxg6 19.Bg5 e4 20.Bxf6 Qxf6 21.Ng5 
Qg7 22.Qh5 h6 23.Nh3 Re5 24.Qd1 Bxh3 25.f4 Nxf4 26.Rc2 Nxg2 27.Kh1 Nxe1 
28.Qxe1 Rf8 29.Rf2 Rxf2 30.Qxf2 Rf5 31.Qxf5 Qg2# 0-1

[Event "8th Africa-ch (w)"]
[Site "Windhoek NAM"]
[Date "2014.12.13"]
[Round "1.5"]
[White "Vilhete, Vania"]
[Black "Tjaronda, Nicola"]
[Result "1-0"]
[WhiteElo "1812"]
[BlackElo "1487"]
[EventDate "2014.12.13"]
[PlyCount "63"]

1.d4 d6 2.c4 g6 3.Nc3 Bg7 4.Nf3 Nf6 5.Bg5 Bg4 6.e3 Nbd7 7.Be2 c6 8.h3 Bxf3
9.Bxf3 O-O 10.O-O e5 11.d5 Qc7 12.Rc1 h6 13.Bh4 Rfe8 14.b4 a6 15.dxc6 bxc6
16.b5 e4 17.Be2 Nc5 18.Bg3 Red8 19.Qc2 cxb5 20.cxb5 a5 21.Nxe4 Nfxe4 22.
Qxe4 Nxe4 23.Rxc7 Nxg3 24.fxg3 f5 25.Bf3 Rac8 26.Bd5+ Kh8 27.b6 Rb8 28.b7 
Be5 29.Rfc1 Bf6 30.Rc8 Rxb7 31.Bxb7 Kg8 32.Rxd8+ 1-0

[Event "8th Africa-ch (w)"]
[Site "Windhoek NAM"]
[Date "2014.12.13"]
[Round "1.6"]
[White "Tjatindi, Kamutuua"]
[Black "Mbatha, Constance Chileshe"]
[Result "1/2-1/2"]
[WhiteElo "1431"]
[BlackElo "1809"]
[EventDate "2014.12.13"]
[PlyCount "99"]

1.d4 d5 2.c4 e6 3.Nc3 Nf6 4.Nf3 c5 5.e3 Nc6 6.Bd3 cxd4 7.exd4 Be7 8.c5 O-O
9.O-O h6 10.Re1 b6 11.Be3 Bb7 12.a3 Rc8 13.b4 Re8 14.Bf4 Bf8 15.Nb5 Nh5 
16.Bxh6 gxh6 17.Ne5 Ng7 18.Qd2 Qg5 19.f4 Qe7 20.Nd6 Nxe5 21.fxe5 Qh4 22.
Nxb7 Qxd4+ 23.Kh1 bxc5 24.bxc5 Bxc5 25.Nd6 Qh4 26.Nxe8 Rxe8 27.Rf1 Rb8 28.
Qf4 Qh5 29.g4 Qg5 30.Qxf7+ Kh8 31.Qg6 Qxg6 32.Bxg6 Kg8 33.Rf3 Bd4 34.Raf1 
Bxe5 35.Rb1 Rxb1+ 36.Bxb1 Bd6 37.h4 Be7 38.h5 d4 39.Kg2 Ne8 40.Ba2 Nc7 41.
Kf2 Kg7 42.a4 Bf6 43.Ke2 a5 44.Rb3 Be5 45.Rb7 Kf6 46.Kf3 d3 47.Ke3 Kg5 48.
Rxc7 Bxc7 49.Bxe6 Bd6 50.Kxd3 1/2-1/2

[Event "8th Africa-ch (w)"]
[Site "Windhoek NAM"]
[Date "2014.12.14"]
[Round "2.1"]
[White "Solomons, Anzel"]
[Black "Shroohk, Wafa"]
[Result "1-0"]
[WhiteElo "1858"]
[BlackElo "2061"]
[EventDate "2014.12.13"]
[PlyCount "133"]

1.d4 Nf6 2.c4 e6 3.a3 Be7 4.Nf3 O-O 5.Nc3 d6 6.e3 Nbd7 7.Be2 e5 8.Qc2 Re8 
9.d5 a5 10.e4 Nc5 11.h3 h6 12.Be3 b6 13.O-O Ncd7 14.b4 Nh7 15.Na4 Ng5 16.
Nd2 axb4 17.axb4 Nf8 18.c5 bxc5 19.bxc5 dxc5 20.Nxc5 Rxa1 21.Rxa1 Bxc5 22.
Qxc5 Ng6 23.Ra8 Qe7 24.Bb5 Rf8 25.Qxe7 Nxe7 26.Bc5 Bb7 27.Ra7 Rb8 28.Bxe7 
Bxd5 29.exd5 Rxb5 30.Bxg5 hxg5 31.Rxc7 Rxd5 32.Ne4 f6 33.f3 Rd8 34.Kh2 Rf8
35.Nc5 Kh7 36.Ne6 Rg8 37.Rd7 e4 38.fxe4 Re8 39.Nc5 Kh6 40.g4 g6 41.Rd5 Ra8
42.e5 fxe5 43.Rxe5 Ra2+ 44.Kg3 Ra3+ 45.Kg2 Ra2+ 46.Kf3 Ra3+ 47.Re3 Ra7 48.
Ke4 Rf7 49.Rf3 Re7+ 50.Kd5 Rf7 51.Rd3 Re7 52.Kd6 Rf7 53.Ne6 Ra7 54.Rd5 Ra3
55.Nxg5 Rb3 56.Ke7 Kg7 57.Ne6+ Kh7 58.h4 Kh6 59.Rd8 Kh7 60.Rf8 Rb4 61.Kf6 
Rb6 62.h5 g5 63.Re8 Rc6 64.Kxg5 Rc8 65.Re7+ Kh8 66.Kh6 Ra8 67.Rd7 1-0

[Event "8th Africa-ch (w)"]
[Site "Windhoek NAM"]
[Date "2014.12.14"]
[Round "2.2"]
[White "Frick, Denise"]
[Black "Vilhete, Vania"]
[Result "1/2-1/2"]
[WhiteElo "1913"]
[BlackElo "1812"]
[EventDate "2014.12.13"]
[PlyCount "64"]

1.e4 c5 2.Nf3 d6 3.d4 cxd4 4.Nxd4 Nf6 5.Nc3 a6 6.Bg5 e6 7.f4 Be7 8.Qf3 Qc7
9.O-O-O Nbd7 10.g4 b5 11.Bxf6 Nxf6 12.g5 Nd7 13.f5 Bxg5+ 14.Kb1 Ne5 15.Qh5
Qe7 16.Nxe6 Bxe6 17.fxe6 g6 18.exf7+ Nxf7 19.Qe2 O-O 20.Nd5 Qd8 21.Bh3 Ne5
22.Rhf1 Nc4 23.Rxf8+ Qxf8 24.b3 Ne5 25.Nc7 Ra7 26.Ne6 Qf3 27.Qxf3 Nxf3 28.
Rxd6 Nd2+ 29.Kb2 Bf6+ 30.Kc1 Nxe4 31.Rc6 Be5 32.Bg2 Nc3 1/2-1/2

[Event "8th Africa-ch (w)"]
[Site "Windhoek NAM"]
[Date "2014.12.14"]
[Round "2.3"]
[White "Du Toit, Sune"]
[Black "Tembo, Epah"]
[Result "1/2-1/2"]
[WhiteElo "1689"]
[BlackElo "1889"]
[EventDate "2014.12.13"]
[PlyCount "86"]

1.e4 c5 2.Nf3 Nc6 3.d4 cxd4 4.Nxd4 d6 5.c4 Nf6 6.Nc3 g6 7.Be2 Bg7 8.Be3 
O-O 9.O-O Bd7 10.f3 Rc8 11.Qd2 a6 12.b3 Re8 13.Rad1 Rb8 14.Nc2 Qa5 15.Na4 
Qxd2 16.Rxd2 Ne5 17.Nb6 Bc6 18.Nb4 Ned7 19.N6d5 Bxd5 20.exd5 Nb6 21.Bxb6 
Nd7 22.Ba7 Rbc8 23.Bf2 Bc3 24.Rd3 Bxb4 25.f4 Nc5 26.Bxc5 Bxc5+ 27.Kh1 a5 
28.Rg3 Ra8 29.f5 a4 30.Bd1 axb3 31.Bxb3 b6 32.h4 Kg7 33.h5 Bd4 34.Rg4 Be5 
35.a4 Bf6 36.Bc2 g5 37.Re4 Rec8 38.Rb1 Rcb8 39.g4 h6 40.Kg2 Rb7 41.Kf3 Bc3
42.Rb3 Ba5 43.Rbe3 Kf6 1/2-1/2

[Event "8th Africa-ch (w)"]
[Site "Windhoek NAM"]
[Date "2014.12.14"]
[Round "2.4"]
[White "Mentile, Lishen"]
[Black "Tjatindi, Kamutuua"]
[Result "1/2-1/2"]
[WhiteElo "1418"]
[BlackElo "1431"]
[EventDate "2014.12.13"]
[PlyCount "106"]

1.e4 e5 2.Nf3 Nc6 3.Bc4 Bd6 4.Nc3 Be7 5.d4 d6 6.dxe5 dxe5 7.Qxd8+ Bxd8 8.
Bb5 Ne7 9.Nxe5 O-O 10.Nxc6 Nxc6 11.Bxc6 bxc6 12.Bf4 Bg4 13.O-O Rb8 14.Rab1
f5 15.f3 Bh5 16.exf5 Rxf5 17.Be3 Ra5 18.Rfd1 Be7 19.b3 Bf6 20.Bd4 Be7 21.
a4 a6 22.Re1 Bd6 23.Ne4 Bg6 24.Nxd6 cxd6 25.Rbc1 Rd5 26.Red1 c5 27.Be3 
Rxd1+ 28.Rxd1 Bxc2 29.Rxd6 Bxb3 30.Bxc5 Bc4 31.a5 Re8 32.Bb6 Kf7 33.Kf2 
Re2+ 34.Kg3 g5 35.Rh6 Kg7 36.Rc6 Rc2 37.Bd4+ Kf7 38.Rf6+ Kg8 39.Be3 Ra2 
40.Bb6 Kg7 41.Rd6 h5 42.h4 gxh4+ 43.Kxh4 Rxg2 44.Kxh5 Be2 45.Bd4+ Kf7 46.
Rf6+ Ke7 47.Kh4 Rg8 48.Rf4 Kd6 49.Bb6 Bb5 50.Rg4 Rxg4+ 51.fxg4 Ke6 52.Kg5 
Kf7 53.Kh6 Kg8 1/2-1/2

[Event "8th Africa-ch (w)"]
[Site "Windhoek NAM"]
[Date "2014.12.14"]
[Round "2.6"]
[White "Rosalina, Sonia"]
[Black "Rabiu, Olabisi"]
[Result "1-0"]
[WhiteElo "1769"]
[BlackElo "1489"]
[EventDate "2014.12.13"]
[PlyCount "120"]

1.e4 e5 2.Nf3 Nc6 3.Bc4 Bc5 4.d3 d6 5.Nc3 Bg4 6.h3 Bh5 7.Nd5 Nd4 8.g4 Bg6 
9.c3 Nxf3+ 10.Qxf3 c6 11.Ne3 h6 12.h4 Qd7 13.Nf5 Bxf5 14.gxf5 Nf6 15.Be3 
Bxe3 16.fxe3 O-O-O 17.O-O-O d5 18.exd5 cxd5 19.Bb3 h5 20.d4 e4 21.Qf4 Ng4 
22.Rd2 Qd6 23.Qxd6 Rxd6 24.Re2 b5 25.Rf1 Rhh6 26.Rf4 Kc7 27.Kd2 Kc6 28.Rg2
Rdf6 29.Bd1 g6 30.fxg6 Rxf4 31.exf4 fxg6 32.Bxg4 hxg4 33.Rxg4 Kd6 34.Ke3 
Ke6 35.b3 Kf6 36.c4 bxc4 37.bxc4 dxc4 38.Kxe4 c3 39.Kd3 Kf5 40.Rg5+ Kxf4 
41.Kxc3 Ke4 42.Kc4 Rxh4 43.Rxg6 Rh1 44.Rd6 Rc1+ 45.Kb5 Rc7 46.a4 Rc2 47.a5
Kd3 48.Rd7 Rb2+ 49.Ka6 Kc4 50.Kxa7 Rb5 51.a6 Rb1 52.Ka8 Rb6 53.a7 Rb1 54.
Rb7 Rg1 55.Rc7+ Kxd4 56.Kb8 Rb1+ 57.Rb7 Rh1 58.a8=Q Rh8+ 59.Ka7 Rxa8+ 60.
Kxa8 Kc5 1-0

[Event "8th Africa-ch (w)"]
[Site "Windhoek NAM"]
[Date "2014.12.14"]
[Round "2.8"]
[White "Tjaronda, Nicola"]
[Black "Fisher, Michelle"]
[Result "1/2-1/2"]
[WhiteElo "1487"]
[BlackElo "1651"]
[EventDate "2014.12.13"]
[PlyCount "88"]

1.e4 c5 2.Nf3 Nc6 3.c3 d5 4.exd5 Qxd5 5.d3 Bg4 6.Be2 Rd8 7.Be3 e6 8.d4 
cxd4 9.Bxd4 Nxd4 10.Qxd4 Bxf3 11.Qa4+ Qd7 12.Qxd7+ Rxd7 13.Bxf3 Bc5 14.O-O
Nf6 15.b4 Bb6 16.Na3 Ke7 17.Nc4 Bc7 18.a4 Rc8 19.h3 Nd5 20.Bxd5 Rxd5 21.
Ne3 Rd3 22.Rfe1 Bf4 23.Ra3 Kf8 24.g3 Bd6 25.Rd1 Bxb4 26.Rb3 Rxd1+ 27.Nxd1 
Rd8 28.Ne3 Bc5 29.Rxb7 Rd3 30.Nc4 Rxg3+ 31.Kf1 Rxc3 32.Ne5 Ke8 33.Rb8+ Ke7
34.Rb7+ Kd6 35.Nxf7+ Kc6 36.Nd8+ Kd6 37.Rxg7 Rxh3 38.Nb7+ Kc6 39.Nxc5 Kxc5
40.Rxa7 h5 41.Kg2 Ra3 42.Ra5+ Kd6 43.Rxh5 Rxa4 44.f3 e5 1/2-1/2

[Event "8th Africa-ch (w)"]
[Site "Windhoek NAM"]
[Date "2014.12.15"]
[Round "3.1"]
[White "Tembo, Epah"]
[Black "Solomons, Anzel"]
[Result "1/2-1/2"]
[WhiteElo "1889"]
[BlackElo "1858"]
[EventDate "2014.12.13"]
[PlyCount "60"]

1.e4 c6 2.c4 d6 3.Nc3 e5 4.Nf3 Nf6 5.Be2 Be7 6.O-O O-O 7.d4 Nbd7 8.b3 Qc7 
9.Ba3 Re8 10.Rc1 b6 11.Bb2 a6 12.a4 Nf8 13.b4 Ng6 14.g3 Bg4 15.b5 Bf8 16.
dxe5 dxe5 17.bxc6 Qxc6 18.Nd2 Bh3 19.Re1 Bb4 20.Nd5 Bc5 21.Bf3 Rad8 22.Bc3
a5 23.Ra1 Qc8 24.Nb3 Bb4 25.Bxb4 axb4 26.Qe2 Nxd5 27.cxd5 Qc3 28.Rab1 Qc7 
29.Rec1 Qd7 30.a5 f5 1/2-1/2

[Event "8th Africa-ch (w)"]
[Site "Windhoek NAM"]
[Date "2014.12.15"]
[Round "3.2"]
[White "Mbatha, Constance Chileshe"]
[Black "Frick, Denise"]
[Result "0-1"]
[WhiteElo "1809"]
[BlackElo "1913"]
[EventDate "2014.12.13"]
[PlyCount "106"]

1.d4 d5 2.c4 c6 3.e3 Nf6 4.Nc3 e6 5.a3 Nbd7 6.Nf3 Qc7 7.Be2 dxc4 8.Bxc4 
Bd6 9.h3 O-O 10.O-O b5 11.Bd3 a6 12.Bd2 c5 13.Rc1 c4 14.Bb1 Bb7 15.e4 e5 
16.d5 Nc5 17.Bc2 Qe7 18.Re1 Bc8 19.Nh2 Ne8 20.f3 Bd7 21.Qe2 Nc7 22.Qf2 f5 
23.Qe2 f4 24.Rf1 Qg5 25.Kh1 Ne8 26.Be1 Nf6 27.Rg1 Nh5 28.Nf1 Rf6 29.Qf2 
Rg6 30.Qh4 Qh6 31.Kh2 Re8 32.Rd1 Be7 33.Qf2 Ng3 34.Qd2 Bh4 35.Ne2 Nxf1+ 
36.Rxf1 Rxg2+ 37.Kxg2 Bxh3+ 38.Kg1 Qg5+ 39.Bg3 Bxg3 40.Nxg3 Qxg3+ 41.Kh1 
Bxf1 42.Rxf1 Rf8 43.Qh2 Qg5 44.Rg1 Qe7 45.Rg4 Rf6 46.Kg1 Nd3 47.Bxd3 cxd3 
48.Qd2 Qc5+ 49.Kf1 Qe3 50.Qd1 Rh6 51.Kg2 d2 52.Rg5 Qe1 53.Qc2 Qh1+ 0-1

[Event "8th Africa-ch (w)"]
[Site "Windhoek NAM"]
[Date "2014.12.15"]
[Round "3.3"]
[White "Vilhete, Vania"]
[Black "Mentile, Lishen"]
[Result "1/2-1/2"]
[WhiteElo "1812"]
[BlackElo "1418"]
[EventDate "2014.12.13"]
[PlyCount "114"]

1.d4 d5 2.c4 e5 3.Nc3 Bb4 4.e3 Nc6 5.dxe5 d4 6.exd4 Qxd4 7.Qxd4 Nxd4 8.Bd3
Ne7 9.Bd2 Bf5 10.Bxf5 Nexf5 11.O-O-O O-O-O 12.Nh3 Bxc3 13.Bxc3 Ne2+ 14.Kc2
Nfd4+ 15.Bxd4 Nxd4+ 16.Kb1 h6 17.Rhe1 Nc6 18.f4 Rhe8 19.Nf2 f6 20.exf6 
Rxd1+ 21.Rxd1 gxf6 22.Ng4 Rg8 23.h3 h5 24.Nxf6 Rxg2 25.Nxh5 Rh2 26.Nf6 
Rxh3 27.a3 Rf3 28.Re1 Rxf4 29.Re8+ Nd8 30.Nd5 Rxc4 31.Re7 Rc5 32.Nf6 Rc6 
33.Nd5 a5 34.Rh7 Re6 35.Nxc7 Rc6 36.Nb5 Ra6 37.Rc7+ Kb8 38.Rd7 Ne6 39.a4 
Rc6 40.Re7 Nc7 41.Nxc7 Rxc7 42.Re8+ Ka7 43.Re6 Rc4 44.b3 Rb4 45.Kb2 Rb6 
46.Re5 Ra6 47.Kc3 Rc6+ 48.Kd3 Kb6 49.Kd4 Rd6+ 50.Rd5 Rxd5+ 51.Kxd5 Ka7 52.
Kc5 Ka6 53.Kd5 Ka7 54.Kc4 Kb6 55.Kd4 Kc6 56.Kc4 Kb6 57.Kd5 Ka7 1/2-1/2

[Event "8th Africa-ch (w)"]
[Site "Windhoek NAM"]
[Date "2014.12.15"]
[Round "3.5"]
[White "Gondwe, Vitumbiko"]
[Black "Rosalina, Sonia"]
[Result "0-1"]
[WhiteElo "1523"]
[BlackElo "1769"]
[EventDate "2014.12.13"]
[PlyCount "82"]

1.d4 d5 2.Nf3 Nf6 3.Nc3 e6 4.Bg5 h6 5.Bf4 a6 6.a3 Nbd7 7.e3 Nh5 8.Ne2 Nxf4
9.Nxf4 c6 10.c3 Qc7 11.Be2 Bd6 12.Nd3 b6 13.g3 Bb7 14.Nh4 c5 15.Rc1 c4 16.
Nb4 a5 17.Nc2 Bc6 18.Bg4 Nf6 19.Bf3 b5 20.O-O g5 21.Ng2 h5 22.Rb1 h4 23.
Bg4 O-O-O 24.Qf3 Ne4 25.Nf4 gxf4 26.exf4 hxg3 27.fxg3 f5 28.Bh5 Qh7 29.
Rbd1 Rdg8 30.Ne3 Be8 31.Qh1 Qxh5 32.Rf3 Qh6 33.Rc1 Bxf4 34.Re1 Bxg3 35.Re2
Bxh2+ 36.Kf1 Ng3+ 37.Rxg3 Bxg3 38.Nxf5 Qc1+ 39.Re1 Qf4+ 40.Ke2 Qxf5 41.Kd1
Qb1+ 0-1

[Event "8th Africa-ch (w)"]
[Site "Windhoek NAM"]
[Date "2014.12.15"]
[Round "3.7"]
[White "Fisher, Michelle"]
[Black "Rabiu, Olabisi"]
[Result "0-1"]
[WhiteElo "1651"]
[BlackElo "1489"]
[EventDate "2014.12.13"]
[PlyCount "108"]

1.e4 e5 2.Nf3 Nc6 3.Bc4 Bc5 4.c3 d6 5.O-O Bg4 6.d4 exd4 7.cxd4 Nxd4 8.Nbd2
Nf6 9.Re1 O-O 10.Be2 Nxe2+ 11.Qxe2 Re8 12.Qc4 Be6 13.Qc2 Ng4 14.Rf1 Qf6 
15.h3 Ne5 16.Nxe5 dxe5 17.Qxc5 Qg6 18.Qe3 Rad8 19.Nb3 Rd6 20.Re1 h6 21.Nc5
Bc8 22.Nd3 Qh5 23.Qg3 Rg6 24.Qh2 Ree6 25.g4 Qh4 26.Qg3 Qe7 27.f4 exf4 28.
Nxf4 Qd6 29.Qc3 h5 30.Nxe6 Bxe6 31.e5 Qd7 32.Qd2 Qe7 33.Rd1 Qc5+ 34.Qe3 
Qc4 35.g5 c6 36.Bd2 Bd5 37.Bc3 Qh4 38.Bd2 f6 39.exf6 gxf6 40.Qe8+ Kh7 41.
Qe7+ Rg7 42.Qe3 Rxg5+ 43.Qxg5 fxg5 44.Be1 Qxh3 45.Rd2 Qh1+ 46.Kf2 Qg2+ 47.
Ke3 Qf3+ 48.Kd4 b6 49.Rf2 Qe4+ 50.Kc3 b5 51.a3 Qc4+ 52.Kd2 Qd4+ 53.Kc1 
Qe3+ 54.Kb1 Qxe1+ 0-1

[Event "8th Africa-ch (w)"]
[Site "Windhoek NAM"]
[Date "2014.12.16"]
[Round "4.1"]
[White "Frick, Denise"]
[Black "Solomons, Anzel"]
[Result "1/2-1/2"]
[WhiteElo "1913"]
[BlackElo "1858"]
[EventDate "2014.12.13"]
[PlyCount "60"]

1.e4 c6 2.d4 d5 3.Nd2 dxe4 4.Nxe4 Bf5 5.Ng3 Bg6 6.h4 h6 7.Nf3 Nd7 8.h5 Bh7
9.Bd3 Bxd3 10.Qxd3 e6 11.Bd2 Ngf6 12.Ne4 Nxe4 13.Qxe4 Nf6 14.Qe2 Qd5 15.c4
Qe4 16.Qxe4 Nxe4 17.Be3 Bb4+ 18.Ke2 Nf6 19.Ne5 Bd6 20.f3 a5 21.a4 Ke7 22.
g4 Rab8 23.Rhc1 Rhc8 24.Rg1 Rh8 25.Rh1 Ra8 26.Bd2 Rhc8 27.Rhc1 Rg8 28.Be3 
Rab8 29.Rg1 Rh8 30.Bf2 Rbc8 1/2-1/2

[Event "8th Africa-ch (w)"]
[Site "Windhoek NAM"]
[Date "2014.12.16"]
[Round "4.2"]
[White "Mentile, Lishen"]
[Black "Tembo, Epah"]
[Result "0-1"]
[WhiteElo "1418"]
[BlackElo "1889"]
[EventDate "2014.12.13"]
[PlyCount "90"]

1.e4 e6 2.d4 d5 3.exd5 exd5 4.Nf3 Bd6 5.Nc3 c6 6.Bd3 Nf6 7.Bg5 O-O 8.O-O 
Bg4 9.h3 Bh5 10.Be2 Nbd7 11.Re1 h6 12.Be3 Re8 13.Qd2 Ne4 14.Nxe4 dxe4 15.
Nh2 Bxe2 16.Rxe2 Qc7 17.Nf1 f5 18.g3 Nf6 19.c4 Rad8 20.Rd1 g5 21.Bxg5 hxg5
22.Qxg5+ Kf7 23.Qxf5 Qd7 24.Qxd7+ Rxd7 25.Ne3 Rh8 26.Kg2 Kg6 27.c5 Bc7 28.
Nc4 Rhd8 29.Ne5+ Bxe5 30.dxe5 Rxd1 31.exf6 Kf5 32.f3 exf3+ 33.Kxf3 R8d3+ 
34.Kf2 R1d2 35.Rxd2 Rxd2+ 36.Ke3 Rd8 37.f7 Rf8 38.g4+ Kg5 39.Kf3 Rxf7+ 40.
Kg3 Rh7 41.a4 a5 42.Kg2 Kf4 43.Kh2 Kf3 44.g5 Rh5 45.g6 Rg5 0-1

[Event "8th Africa-ch (w)"]
[Site "Windhoek NAM"]
[Date "2014.12.16"]
[Round "4.4"]
[White "Rosalina, Sonia"]
[Black "Tjatindi, Kamutuua"]
[Result "1-0"]
[WhiteElo "1769"]
[BlackElo "1431"]
[EventDate "2014.12.13"]
[PlyCount "87"]

1.e4 c5 2.Nf3 d5 3.exd5 Qxd5 4.Nc3 Qd8 5.d4 e6 6.dxc5 Qxd1+ 7.Nxd1 Bxc5 8.
Nc3 Nf6 9.h3 a6 10.Be2 b5 11.a3 Bb7 12.Be3 Be7 13.O-O O-O 14.Rfd1 Rd8 15.
Rxd8+ Bxd8 16.Rd1 Nc6 17.Ng5 b4 18.Nce4 Nd5 19.Bc1 h6 20.Nxf7 Be7 21.Nfd6 
Na5 22.Nxb7 Nxb7 23.axb4 Bxb4 24.c3 Bf8 25.Bc4 a5 26.Bxd5 exd5 27.Rxd5 Re8
28.f3 Rd8 29.Rxd8 Nxd8 30.Kf2 Kf7 31.g3 Nc6 32.f4 g6 33.Ke2 a4 34.Kd3 Na5 
35.Be3 Nb3 36.Kc4 Na5+ 37.Kb5 a3 38.bxa3 Nb7 39.a4 Ke6 40.Nc5+ Bxc5 41.
Bxc5 Kd7 42.a5 Nd8 43.a6 Nc6 44.a7 1-0

[Event "8th Africa-ch (w)"]
[Site "Windhoek NAM"]
[Date "2014.12.16"]
[Round "4.5"]
[White "Tjaronda, Nicola"]
[Black "Mbatha, Constance Chileshe"]
[Result "0-1"]
[WhiteElo "1487"]
[BlackElo "1809"]
[EventDate "2014.12.13"]
[PlyCount "170"]

1.e4 c5 2.c4 e5 3.Nf3 Nc6 4.Nc3 Nf6 5.d3 h6 6.Nd5 d6 7.h3 Bd7 8.Be2 b6 9.
O-O Rc8 10.a3 Nxd5 11.cxd5 Nb8 12.Nh2 Be7 13.f4 O-O 14.f5 Bg5 15.Nf3 Bf6 
16.Be3 Kh7 17.Qd2 Rh8 18.Rac1 Qe7 19.Nh2 Bg5 20.Bxg5 hxg5 21.Ng4 f6 22.Qe1
Kg8 23.Ne3 Be8 24.Bg4 Bh5 25.Qd1 Bf7 26.Qd2 Qd8 27.b3 Kh7 28.Qe2 Kg8 29.
Qb2 Kh7 30.Kh2 Qd7 31.Kg1 Na6 32.Nc4 b5 33.Ne3 Rc7 34.Kh2 Rhc8 35.Qe2 Nb8 
36.Bh5 a6 37.Bxf7 Qxf7 38.Qd2 Qe8 39.Qe1 Kg8 40.Qd2 Nd7 41.Qa5 Ra7 42.Rc2 
Kf7 43.Qd2 a5 44.Qe2 Kg8 45.Ng4 a4 46.Rb1 Nb6 47.Ne3 Rac7 48.Rcc1 Qd7 49.
Qf1 Rb7 50.Qe2 Rbb8 51.Qa2 Qa7 52.Qe2 Qa5 53.Qe1 Qa6 54.b4 Nd7 55.Qd2 cxb4
56.Qxb4 Nc5 57.d4 Nb3 58.Rxc8+ Rxc8 59.dxe5 fxe5 60.Rb2 Qb6 61.Rc2 Rxc2 
62.Nxc2 Qc5 63.Qxc5 Nxc5 64.Nb4 Nxe4 65.g4 Nc3 66.Kg3 Kf7 67.Kf3 Kf6 68.
Ke3 Nd1+ 69.Ke2 Nb2 70.Kf3 Nc4 71.Nc2 Nb6 72.Nb4 Nd7 73.Nd3 Ke7 74.Ke4 
Nf6+ 75.Ke3 Nxd5+ 76.Ke4 Nc3+ 77.Ke3 Nb1 78.Nb4 Nxa3 79.Nd5+ Kf7 80.Kd3 
Nc4 81.Nc7 a3 82.Nxb5 a2 83.Kxc4 a1=Q 84.Nxd6+ Kg8 85.Kd5 Qd4+ 0-1

[Event "8th Africa-ch (w)"]
[Site "Windhoek NAM"]
[Date "2014.12.16"]
[Round "4.7"]
[White "Rabiu, Olabisi"]
[Black "Gondwe, Vitumbiko"]
[Result "1-0"]
[WhiteElo "1489"]
[BlackElo "1523"]
[EventDate "2014.12.13"]
[PlyCount "113"]

1.d4 d5 2.Nf3 Nf6 3.Bg5 Qd6 4.c3 h6 5.Bh4 Bd7 6.e3 Ne4 7.Ne5 Nc6 8.Nxd7 
Qxd7 9.Bb5 a6 10.Ba4 O-O-O 11.f3 Nd6 12.Nd2 g5 13.Bf2 Nc4 14.Bb3 N6a5 15.
Nxc4 Nxc4 16.Qe2 Qb5 17.O-O e6 18.Qc2 Nd6 19.Rac1 h5 20.Bg3 Nf5 21.Bf2 Nd6
22.e4 h4 23.Ba4 Qb6 24.e5 Nf5 25.Qd3 Bh6 26.c4 g4 27.Rc3 gxf3 28.c5 Qa7 
29.Qxf3 c6 30.Bc2 Ne7 31.Qxf7 Rde8 32.Qxe6+ Kb8 33.Bxh4 Bd2 34.Rh3 Nc8 35.
Qd7 a5 36.Bd3 Ka8 37.a4 Bf4 38.Bf6 Rxh3 39.Qxh3 Qb8 40.Qd7 Na7 41.Re1 Bd2 
42.Re2 Bf4 43.g4 Rg8 44.Bf5 Qf8 45.Bh7 Qc8 46.Qxc8+ Rxc8 47.h4 Re8 48.g5 
Nc8 49.g6 Bh6 50.g7 Bxg7 51.Bxg7 Re7 52.Rg2 Na7 53.Bf5 Kb8 54.Bf6 Rf7 55.
Rg8+ Kc7 56.Bd8+ Kb8 57.Bb6+ 1-0

[Event "8th Africa-ch (w)"]
[Site "Windhoek NAM"]
[Date "2014.12.16"]
[Round "4.8"]
[White "Nepando, Jolly"]
[Black "Fisher, Michelle"]
[Result "0-1"]
[WhiteElo "1667"]
[BlackElo "1651"]
[EventDate "2014.12.13"]
[PlyCount "86"]

1.e4 c5 2.Nf3 Nc6 3.d4 cxd4 4.Nxd4 Nf6 5.Nc3 e5 6.Nf3 Bb4 7.Bd3 d5 8.exd5 
Nxd5 9.Bd2 Nxc3 10.Bxc3 Bxc3+ 11.bxc3 O-O 12.O-O Bg4 13.Re1 Re8 14.h3 Bh5 
15.Be4 Qc7 16.Qd2 Rad8 17.Qe3 f6 18.g4 Bf7 19.g5 Kh8 20.gxf6 gxf6 21.Kh1 
Bg6 22.Qh6 Bxe4 23.Qxf6+ Qg7 24.Qxg7+ Kxg7 25.Rxe4 Rd7 26.Rae1 Rde7 27.Nh4
Rf8 28.Kg2 Ref7 29.R1e2 Kh6 30.R4e3 Rg8+ 31.Kh2 Rgf8 32.Kg2 Rg8+ 33.Kf1 
Rgf8 34.Nf3 Rxf3 35.Re4 Rxh3 36.Rg4 Rxc3 37.Kg2 Rcf3 38.Rd2 Nd4 39.c3 Rxc3
40.Rd1 Rf5 41.Rh1+ Rh5 42.Rb1 b6 43.Rb5 Nxb5 0-1

[Event "8th Africa-ch (w)"]
[Site "Windhoek NAM"]
[Date "2014.12.19"]
[Round "6.1"]
[White "Shroohk, Wafa"]
[Black "Tembo, Epah"]
[Result "1-0"]
[WhiteElo "2061"]
[BlackElo "1889"]
[EventDate "2014.12.13"]
[PlyCount "57"]

1.e4 e6 2.d4 d5 3.Nc3 Nf6 4.Bg5 Bb4 5.Ne2 h6 6.Bxf6 gxf6 7.a3 Bxc3+ 8.Nxc3
dxe4 9.Nxe4 f5 10.Ng3 b6 11.Qf3 c6 12.O-O-O Bb7 13.Bc4 Nd7 14.Kb1 Qg5 15.
h4 Qg4 16.Qc3 O-O-O 17.d5 Nc5 18.Be2 Qf4 19.dxc6 Ba6 20.Bxa6+ Nxa6 21.Rd7 
Nc7 22.Rxf7 Qd4 23.Qf3 Qd5 24.Qxd5 Rxd5 25.Kc1 Rc5 26.Rd1 Nd5 27.Rxa7 Nc7 
28.Rd7 Rxc6 29.Rdxc7+ 1-0

[Event "8th Africa-ch (w)"]
[Site "Windhoek NAM"]
[Date "2014.12.19"]
[Round "6.2"]
[White "Solomons, Anzel"]
[Black "Vilhete, Vania"]
[Result "1-0"]
[WhiteElo "1858"]
[BlackElo "1812"]
[EventDate "2014.12.13"]
[PlyCount "39"]

1.d4 d5 2.c4 c6 3.Nc3 Nf6 4.Nf3 e6 5.e3 Bd6 6.Bd3 dxc4 7.Bxc4 b5 8.Bd3 
Nbd7 9.O-O O-O 10.e4 e5 11.Ne2 Bb7 12.a3 a6 13.Re1 c5 14.d5 Bxd5 15.Bb1 
Bxe4 16.Qxd6 Bxf3 17.gxf3 Qc8 18.Bf5 Rb8 19.Bg5 Rb6 20.Qxb6 1-0

[Event "8th Africa-ch (w)"]
[Site "Windhoek NAM"]
[Date "2014.12.19"]
[Round "6.4"]
[White "Rosalina, Sonia"]
[Black "Mbatha, Constance Chileshe"]
[Result "1-0"]
[WhiteElo "1769"]
[BlackElo "1809"]
[EventDate "2014.12.13"]
[PlyCount "129"]

1.e4 e5 2.Nf3 Nc6 3.Bc4 h6 4.c3 Nf6 5.d3 Be7 6.h3 O-O 7.Be3 d6 8.Nbd2 a6 
9.Bb3 Na5 10.Bc2 c5 11.O-O Nh7 12.Nb3 Nc6 13.d4 b6 14.dxe5 dxe5 15.Qxd8 
Rxd8 16.Rfd1 Be6 17.Rxd8+ Rxd8 18.Rd1 Rxd1+ 19.Bxd1 f5 20.exf5 Bxf5 21.Be2
Bc8 22.Bc4+ Kf8 23.Bd5 Bd7 24.Bxc6 Bxc6 25.Nxe5 Be8 26.Nd2 Nf6 27.f3 b5 
28.a3 a5 29.Nb3 b4 30.axb4 axb4 31.Bxc5 bxc3 32.bxc3 Nd7 33.Nxd7+ Bxd7 34.
Bxe7+ Kxe7 35.Kf2 Kd6 36.Ke3 Be6 37.Nd2 g6 38.f4 h5 39.h4 Bd5 40.g3 Ke6 
41.c4 Bc6 42.Nf3 Bb7 43.Nd4+ Kf6 44.c5 Bc8 45.Ke4 Ke7 46.Ke5 Bg4 47.f5 
gxf5 48.Nxf5+ Kd7 49.Nd4 Kc7 50.Kf6 Kd7 51.Kg5 Kc7 52.Nf5 Kc6 53.Ng7 Kxc5 
54.Nxh5 Bd1 55.Nf6 Kd6 56.h5 Ke7 57.Kg6 Kf8 58.g4 Bc2+ 59.Kh6 Kf7 60.g5 
Bb1 61.Ng4 Kg8 62.g6 Bxg6 63.hxg6 Kh8 64.g7+ Kg8 65.Nf6+ 1-0